000 00303nam a22001337a 4500
008 190226b xxu||||| |||| 00| 0 eng d
020 _a9780803628045
041 _aeng
080 _24th
_a610.73
100 _a1
101 _aINF
245 _aNursing Diagnosis Manual
_cDoenges, M.E
942 _2udc
_cBK
999 _c54323
_d54323